| 000 | 00591nam a2200217Ia 4500 | ||
|---|---|---|---|
| 001 | 16996 | ||
| 003 | GE_BSU | ||
| 008 | 181216s||||||||xx |||||||||||||| ||und|| | ||
| 040 | _cGE_BSU | ||
| 080 | _a821.353.1-1 | ||
| 100 | _aბობოხიძე, კალე | ||
| 245 | _aრჩეული | ||
| 245 | _bლექსები | ||
| 245 | _cრედ.ი.არაბული | ||
| 260 | _aთბილისი | ||
| 260 | _bსაბჭ. საქართველო | ||
| 260 | _c1974 | ||
| 300 | _a376გვ. ; 20სმ | ||
| 653 | _aლექსები | ||
| 942 | _cBK | ||
| 999 |
_c50058 _d50058 |
||